| 000 | 00411nam a2200169Ia 4500 | ||
|---|---|---|---|
| 008 | 180424s9999 xx 000 0 und d | ||
| 084 | _a512.89 P6 | ||
| 100 | _a"Pettofrezzo, A J" | ||
| 245 | 0 | _aElements of Linear Algebra | |
| 250 | _a\\197000ENGGPSX | ||
| 260 | _aPrentice Hall | ||
| 260 | _b1970 | ||
| 260 | _cNew Jersey | ||
| 300 | _ax+291p | ||
| 500 | _aincludes index and biblioraphy | ||
| 942 | _cBK | ||
| 999 |
_c27617 _d27617 |
||